000 00409cam a2200169ua 4500
020 _a0-85198-5459
041 _aeng
_h
082 _a632.3
_bOUS/RI
100 _aOu, S H .
245 _aRice diseases /
_cS H Ou.
_hTextual Documents
250 _a2 /
_b.
260 _aNew Delhi :
_bCommonwealth Publishers ,
_c1985.
300 _a380 :
_b506 ; .
504 _a
942 _cBK
999 _c10564
_d10564